[Event "XI Festival A"]
[Site "Porto San Giorgio ITA"]
[Date "1999.08.21"]
[Round "2"]
[White "Fulvi, Fulvio"]
[Black "Marzano, Carlo"]
[Result "0-1"]
[WhiteElo "2115"]
[BlackElo "2233"]
[PlyCount "88"]
[EventDate "1999.08.20"]

1.d4 d6 2.c4 e5 3.dxe5 dxe5 4.Qxd8+ Kxd8 5.Nf3 f6 6.Nc3 Be6 7.e3 a5 8.Be2 
a4 9.O-O Nd7 10.Rd1 c6 11.Ne4 Kc7 12.Bd2 Nh6 13.b3 Be7 14.Ne1 Nf7 15.Nd3 
Ra7 16.Bc3 Rha8 17.Kf1 axb3 18.axb3 Rxa1 19.Rxa1 Rxa1+ 20.Bxa1 b5 21.cxb5 
cxb5 22.b4 Kb6 23.Bc3 Nd8 24.f3 Nc6 25.g4 Bd5 26.Nef2 Ndb8 27.e4 Be6 28.
Bd2 Nd4 29.Be3 Kc6 30.Bd1 g5 31.Ke1 Na6 32.Bd2 Bf7 33.Bc3 Kb6 34.f4 gxf4 
35.Nxf4 Bxb4 36.Bxb4 Nxb4 37.N4d3 Nxd3+ 38.Nxd3 Bc4 39.Nb2 Kc5 40.Kd2 Ne6 
41.h4 Kd4 42.Bc2 Nc5 43.Nd1 Nxe4+ 44.Ke1 h6 0-1

[Event "XI Festival A"]
[Site "Porto San Giorgio ITA"]
[Date "1999.08.21"]
[Round "2"]
[White "Iordachescu, Viorel"]
[Black "Bellia, Fabrizio"]
[Result "1-0"]
[WhiteElo "2553"]
[BlackElo "2333"]
[PlyCount "53"]
[EventDate "1999.08.20"]

1.e4 e5 2.Nf3 Nc6 3.Bb5 a6 4.Ba4 Nf6 5.O-O Be7 6.Re1 b5 7.Bb3 d6 8.c3 O-O 
9.h3 a5 10.a4 b4 11.Bc4 Bb7 12.d3 d5 13.exd5 Nxd5 14.Qb3 Nb6 15.Bb5 Bf6 
16.Nbd2 Na7 17.Nxe5 Nxb5 18.axb5 Bxe5 19.Rxe5 Qxd3 20.cxb4 Qg6 21.Nf3 a4 
22.Qc3 Rad8 23.Rg5 Rd1+ 24.Kh2 Qd6+ 25.Rg3 f6 26.Bf4 Qxf4 27.Rxd1 1-0

[Event "XI Festival A"]
[Site "Porto San Giorgio ITA"]
[Date "1999.08.21"]
[Round "2"]
[White "Malakhov, Vladimir"]
[Black "Dragojlovic, Andjelko"]
[Result "1-0"]
[WhiteElo "2570"]
[BlackElo "2350"]
[PlyCount "77"]
[EventDate "1999.08.20"]

1.e4 c5 2.Nf3 d6 3.d4 cxd4 4.Nxd4 Nf6 5.Nc3 g6 6.Be3 Bg7 7.f3 Nc6 8.Qd2 
O-O 9.Bc4 Bd7 10.O-O-O Rc8 11.Bb3 Ne5 12.Kb1 Nc4 13.Bxc4 Rxc4 14.g4 b5 15.
Ndxb5 Qb8 16.Nd4 Rfc8 17.Ka1 Be6 18.h4 Qb7 19.Rb1 Nd7 20.h5 Nc5 21.hxg6 
hxg6 22.Qh2 Rxd4 23.Qh7+ Kf8 24.Bh6 Ke8 25.Qxg7 Rc4 26.b3 Rxc3 27.Qxc3 
Nxe4 28.Qe3 Nc3 29.Rb2 Rc5 30.Bg7 Qc7 31.Bd4 Nd5 32.Qe4 Rc6 33.c4 Nb4 34.
Bc3 a5 35.Re2 g5 36.Qe3 Qb7 37.Qxg5 Rc5 38.Qg8+ Kd7 39.Rh8 1-0

[Event "XI Festival A"]
[Site "Porto San Giorgio ITA"]
[Date "1999.08.21"]
[Round "2"]
[White "Neiman, Emmanuel"]
[Black "Razuvaev, Yuri S."]
[Result "0-1"]
[WhiteElo "2353"]
[BlackElo "2559"]
[PlyCount "76"]
[EventDate "1999.08.20"]

1.d4 Nf6 2.Bg5 e6 3.e4 h6 4.Bxf6 Qxf6 5.c3 d6 6.Bd3 g6 7.Ne2 Bg7 8.O-O e5 
9.f4 Qe7 10.Nd2 O-O 11.Nf3 c5 12.Kh1 Nc6 13.fxe5 dxe5 14.d5 Nd8 15.Ng3 b6 
16.Qc2 Nb7 17.Rae1 Nd6 18.Nd2 Bd7 19.Nc4 Nxc4 20.Bxc4 b5 21.Be2 h5 22.Rf2 
h4 23.Nf1 f5 24.Bf3 Qg5 25.Qd2 Qxd2 26.Nxd2 c4 27.h3 Rae8 28.Bd1 Bh6 29.
Bc2 Kg7 30.Rfe2 Bf4 31.Ra1 Rf6 32.Rf1 Ra6 33.a3 Rf6 34.Rxf4 exf4 35.e5 Rd6
36.Nf3 Rxd5 37.Kg1 Kh6 38.Kf2 g5 0-1

[Event "XI Festival A"]
[Site "Porto San Giorgio ITA"]
[Date "1999.08.21"]
[Round "2"]
[White "Nironi, Andrea"]
[Black "Barberi, Alessandro"]
[Result "1-0"]
[WhiteElo "2105"]
[BlackElo "2180"]
[PlyCount "33"]
[EventDate "1999.08.20"]

1.d4 g6 2.e4 Bg7 3.h4 c5 4.d5 d6 5.h5 Na6 6.c4 g5 7.h6 Be5 8.Nf3 Bg4 9.Be2
Bxf3 10.Bxf3 Nf6 11.Nc3 Rg8 12.g3 g4 13.Bg2 Qa5 14.Bd2 Qb6 15.Qa4+ Nd7 16.
a3 O-O-O 17.Nb5 1-0

[Event "XI Festival A"]
[Site "Porto San Giorgio ITA"]
[Date "1999.08.21"]
[Round "2"]
[White "Ori, Marco"]
[Black "De Vita, Igor"]
[Result "1-0"]
[WhiteElo "2068"]
[BlackElo "2154"]
[PlyCount "39"]
[EventDate "1999.08.20"]

1.e4 Nf6 2.Nc3 d5 3.e5 Ne4 4.Nce2 d4 5.c3 Nc6 6.Nf3 Bg4 7.Nexd4 Nxe5 8.Qe2
Qd5 9.Nb5 O-O-O 10.c4 Qe6 11.d4 Bxf3 12.gxf3 Nd3+ 13.Qxd3 Ng3+ 14.Be3 Nxh1
15.Nxa7+ Kb8 16.d5 Nxf2 17.Kxf2 Qf6 18.Qb3 Ka8 19.Rd1 e6 20.Nc6 1-0

[Event "XI Festival A"]
[Site "Porto San Giorgio ITA"]
[Date "1999.08.21"]
[Round "2"]
[White "Rigo, Janos"]
[Black "Sbraccia, Giovanni"]
[Result "0-1"]
[WhiteElo "2347"]
[BlackElo "2134"]
[PlyCount "158"]
[EventDate "1999.08.20"]

1.e4 c6 2.d4 d5 3.Nc3 dxe4 4.Nxe4 Nf6 5.Nxf6+ gxf6 6.c3 Bf5 7.Ne2 e6 8.Ng3
Bg6 9.h4 h5 10.Be2 Nd7 11.Bxh5 Bxh5 12.Nxh5 Qa5 13.Ng3 O-O-O 14.Qb3 e5 15.
Be3 exd4 16.Bxd4 Nc5 17.Bxc5 Bxc5 18.Qc2 Qa6 19.Ne2 Rd5 20.c4 Bb4+ 21.Kf1 
Rd2 22.Qf5+ Kb8 23.Qf4+ Ka8 24.Rh3 Rhd8 25.g4 Rxb2 26.a3 Rbd2 27.Rb3 Bc5 
28.Rab1 Bb6 29.Rf3 Qa5 30.Qe4 a6 31.Kg2 Rd1 32.Rxd1 Rxd1 33.Rxf6 Qe1 34.
Ng3 Qg1+ 35.Kh3 Bxf2 36.Qg2 Bxg3 37.Kxg3 Qd4 38.Qf2 Rg1+ 39.Kh2 Qxf2+ 40.
Rxf2 Rxg4 41.Kh3 Rxc4 42.Rf3 Ka7 43.h5 Rd4 44.Kg3 b5 45.h6 Rd6 46.Rxf7+ 
Kb6 47.h7 Rh6 48.Kf4 Ka5 49.Ra7 c5 50.Ke4 Rh5 51.Kd3 Rh3+ 52.Kc2 b4 53.
axb4+ cxb4 54.Kb2 Kb6 55.Ra8 Rxh7 56.Kb3 a5 57.Ka4 Rh1 58.Rb8+ Kc7 59.Rg8 
Ra1+ 60.Kb3 Ra3+ 61.Kc4 Kd6 62.Rd8+ Ke5 63.Re8+ Kf4 64.Re1 Kf3 65.Rh1 Ke2 
66.Rh2+ Kd1 67.Rh1+ Ke2 68.Rh2+ Kf1 69.Rb2 Rf3 70.Kb5 Rf5+ 71.Ka4 Rd5 72.
Rc2 Ke1 73.Rh2 Kd1 74.Rh1+ Kc2 75.Rh2+ Rd2 76.Rh3 Kb2 77.Rg3 Ka2 78.Rb3 
Rh2 79.Rg3 b3 0-1

[Event "XI Festival A"]
[Site "Porto San Giorgio ITA"]
[Date "1999.08.21"]
[Round "2"]
[White "Safranska, Anda"]
[Black "Davies, Nigel R."]
[Result "0-1"]
[WhiteElo "2267"]
[BlackElo "2518"]
[PlyCount "68"]
[EventDate "1999.08.20"]

1.e4 c5 2.Nf3 e6 3.d3 Nc6 4.g3 Nf6 5.Bg2 Be7 6.O-O O-O 7.c3 d5 8.e5 Nd7 9.
Re1 b5 10.Nbd2 a5 11.Nf1 Ba6 12.h4 b4 13.Bf4 Rb8 14.N1h2 a4 15.a3 bxc3 16.
bxc3 Rb3 17.Bf1 Rxc3 18.Qxa4 Qa8 19.Bd2 Rxd3 20.Bxd3 Bxd3 21.Qxa8 Rxa8 22.
Re3 Ba6 23.Rb1 d4 24.Ree1 h6 25.Kg2 Kf8 26.h5 Bc4 27.Bc1 Bd5 28.Kf1 c4 29.
Rd1 Bc5 30.Rb5 c3 31.Ke1 Bc4 32.Rb7 Ndxe5 33.Rc7 Bb6 34.Rb7 Ba5 0-1

[Event "XI Festival A"]
[Site "Porto San Giorgio ITA"]
[Date "1999.08.21"]
[Round "2"]
[White "Sermek, Drazen"]
[Black "Fabiano, Giuseppe"]
[Result "1-0"]
[WhiteElo "2545"]
[BlackElo "2293"]
[PlyCount "85"]
[EventDate "1999.08.20"]

1.e4 e5 2.Nf3 d6 3.d4 exd4 4.Nxd4 g6 5.Nc3 Bg7 6.Be3 Nf6 7.g3 Bd7 8.Bg2 
Nc6 9.h3 O-O 10.O-O Re8 11.Re1 a6 12.a4 Nb4 13.Nb3 Qc8 14.Kh2 Re5 15.g4 
Nc6 16.f3 Re8 17.Qe2 Be6 18.Rad1 Rb8 19.Nd4 Nxd4 20.Bxd4 c5 21.Bf2 Qc6 22.
a5 Rbd8 23.Bg3 h5 24.Kh1 hxg4 25.hxg4 Qc7 26.Qf2 Nh7 27.Ra1 Be5 28.f4 Bd4 
29.Qf3 Nf6 30.f5 Bc8 31.Bf1 g5 32.Kg2 Kg7 33.Rad1 Qxa5 34.Bc4 b5 35.Bd5 b4
36.Ne2 Bxb2 37.Qe3 Nh7 38.c3 bxc3 39.f6+ Kg6 40.e5 dxe5 41.Qe4+ Kxf6 42.
Rf1+ Ke7 43.Rxf7+ 1-0

[Event "XI Festival A"]
[Site "Porto San Giorgio ITA"]
[Date "1999.08.21"]
[Round "2"]
[White "Simeoni, Matteo"]
[Black "Sedina, Elena"]
[Result "0-1"]
[WhiteElo "2028"]
[BlackElo "2398"]
[PlyCount "44"]
[EventDate "1999.08.20"]

1.e4 e6 2.d4 d5 3.Nc3 Bb4 4.Bd3 c5 5.exd5 exd5 6.dxc5 Nf6 7.Bd2 O-O 8.h3 
Bxc5 9.Nf3 Re8+ 10.Ne2 Qb6 11.O-O Ne4 12.Be1 Qxb2 13.Bxe4 dxe4 14.Ng5 Qe5 
15.Nxf7 Kxf7 16.Bc3 Qg5 17.h4 Qh5 18.Qd2 Kg8 19.Qd1 Bg4 20.Re1 Nc6 21.Rb1 
Rad8 22.Qc1 Bxe2 0-1

[Event "XI Festival A"]
[Site "Porto San Giorgio ITA"]
[Date "1999.08.21"]
[Round "2"]
[White "Timoscenko, Gennadij A."]
[Black "Braghetta, Sergio"]
[Result "1-0"]
[WhiteElo "2536"]
[BlackElo "2270"]
[PlyCount "83"]
[EventDate "1999.08.20"]

1.d4 c6 2.c4 d6 3.Nc3 g6 4.e4 Bg7 5.Nf3 Bg4 6.Be3 Nd7 7.Be2 Ngf6 8.O-O O-O
9.Qc2 e5 10.Rad1 Qe7 11.d5 Bxf3 12.Bxf3 c5 13.g3 a6 14.a4 h5 15.a5 Kh7 16.
Qd2 Rab8 17.Ra1 Ng8 18.Bg2 Bh6 19.f4 exf4 20.gxf4 Rbe8 21.Rae1 Qd8 22.Ra1 
Ne7 23.Bh3 Ng8 24.Nd1 Rxe4 25.Qd3 f5 26.Bg2 Re7 27.Ra4 Ngf6 28.h3 Ne4 29.
b4 cxb4 30.Rxb4 Ndc5 31.Qa3 Rff7 32.Rb6 Rc7 33.Nf2 Ng3 34.Re1 Qh4 35.Rxd6 
Nd7 36.c5 Bf8 37.Re6 Nxc5 38.Re8 Bd6 39.Bd4 Rg7 40.Bxg7 Kxg7 41.Qc3+ Kf7 
42.Rh8 1-0

[Event "XI Festival A"]
[Site "Porto San Giorgio ITA"]
[Date "1999.08.22"]
[Round "3"]
[White "Bellia, Fabrizio"]
[Black "Piantoni, Roberto"]
[Result "1-0"]
[WhiteElo "2333"]
[BlackElo "2184"]
[PlyCount "59"]
[EventDate "1999.08.20"]

1.e4 e6 2.d4 d5 3.Nd2 Nf6 4.e5 Nfd7 5.Bd3 c5 6.c3 Nc6 7.Ne2 cxd4 8.cxd4 f6
9.exf6 Nxf6 10.O-O Bd6 11.Nf3 O-O 12.Bf4 Bxf4 13.Nxf4 Qb6 14.Qd2 Kh8 15.
Ne2 Bd7 16.Qg5 Nb4 17.Bb1 Ne4 18.Qe3 Bb5 19.Re1 Qa6 20.a3 Nd3 21.Bxd3 Bxd3
22.Nf4 Bb5 23.Ne5 Qd6 24.f3 Nf6 25.Nxe6 Kg8 26.Nxf8 Rxf8 27.Qb3 Qb6 28.Qb4
a5 29.Qc3 a4 30.Rac1 1-0

[Event "XI Festival A"]
[Site "Porto San Giorgio ITA"]
[Date "1999.08.22"]
[Round "3"]
[White "Davies, Nigel R."]
[Black "Malakhov, Vladimir"]
[Result "0-1"]
[WhiteElo "2518"]
[BlackElo "2570"]
[PlyCount "84"]
[EventDate "1999.08.20"]

1.c4 e6 2.g3 d5 3.Nf3 Nf6 4.Bg2 c6 5.b3 Be7 6.O-O O-O 7.Bb2 b6 8.e3 Nbd7 
9.Nc3 Bb7 10.Qe2 Rc8 11.d4 dxc4 12.bxc4 c5 13.d5 exd5 14.Nh4 Ba6 15.Nxd5 
Nxd5 16.Bxd5 Bxh4 17.gxh4 Qxh4 18.Kh1 Nf6 19.Rg1 g6 20.Qf3 Nxd5 21.cxd5 f5
22.Rg2 c4 23.Bc3 Bb7 24.Rd1 Rcd8 25.Rd4 Qf6 26.Qh3 Rxd5 27.f3 Rxd4 28.Bxd4
Qc6 29.Kg1 Rf7 30.Bc3 b5 31.a3 Qe6 32.Re2 Qe7 33.Qg3 f4 34.Qg4 Qxa3 35.Bd4
Qe7 36.Kf2 Qd7 37.Qxd7 Rxd7 38.Bxa7 Bxf3 39.Ra2 Bd1 40.exf4 b4 41.Bb8 b3 
42.Ra8 Rd8 0-1

[Event "XI Festival A"]
[Site "Porto San Giorgio ITA"]
[Date "1999.08.22"]
[Round "3"]
[White "Dragojlovic, Andjelko"]
[Black "Ubezio, Marco"]
[Result "0-1"]
[WhiteElo "2350"]
[BlackElo "2196"]
[PlyCount "74"]
[EventDate "1999.08.20"]

1.e4 Nf6 2.Nc3 d5 3.e5 Ne4 4.Nce2 d4 5.c3 dxc3 6.Qa4+ Nd7 7.d4 cxb2 8.Bxb2
c6 9.Nf3 Ndc5 10.Qc2 Qa5+ 11.Nc3 Nxc3 12.Bxc3 Qa4 13.Qxa4 Nxa4 14.Bd2 Bf5 
15.Nh4 Be6 16.f4 Bd5 17.Nf5 e6 18.Ne3 Be4 19.Bc4 Nb2 20.Kf2 O-O-O 21.Bc3 
Na4 22.Ba5 Rxd4 23.Bb3 Bc5 24.Rac1 b6 25.Rcd1 Rxd1 26.Bxd1 Nb2 27.Bd2 Rd8 
28.Ke2 Bd3+ 29.Kf3 Bb5 30.Bc1 Nxd1 31.Rxd1 Rxd1 32.Nxd1 Bc4 33.a3 Bd5+ 34.
Kg3 Bd4 35.Ne3 a5 36.Nc2 Bc3 37.Be3 c5 0-1

[Event "XI Festival A"]
[Site "Porto San Giorgio ITA"]
[Date "1999.08.22"]
[Round "3"]
[White "Glek, Igor V."]
[Black "Efimov, Igor"]
[Result "0-1"]
[WhiteElo "2536"]
[BlackElo "2445"]
[PlyCount "78"]
[EventDate "1999.08.20"]

1.e4 e5 2.Nf3 Nc6 3.Bb5 a6 4.Bxc6 dxc6 5.O-O Qf6 6.d4 exd4 7.Bg5 Qg6 8.
Qxd4 Bd6 9.Nbd2 c5 10.Qe3 Be6 11.Rfd1 Nf6 12.e5 Nd5 13.Qe4 Qxe4 14.Nxe4 
Bf8 15.Rd2 h6 16.Bh4 b6 17.Rad1 Ne7 18.h3 Nc6 19.Nc3 Be7 20.Nd5 Rc8 21.c3 
Bxd5 22.Rxd5 Rd8 23.Kf1 Rxd5 24.Rxd5 Bxh4 25.Nxh4 Ke7 26.f4 g5 27.fxg5 Ke6
28.Rd3 Nxe5 29.Re3 hxg5 30.Nf3 f6 31.Nxe5 fxe5 32.Rg3 Rf8+ 33.Ke2 Rf5 34.
Rd3 Rf4 35.Rd8 g4 36.hxg4 Rxg4 37.Kf3 Ra4 38.a3 Rh4 39.Re8+ Kd5 0-1

[Event "XI Festival A"]
[Site "Porto San Giorgio ITA"]
[Date "1999.08.22"]
[Round "3"]
[White "Grigore, George-Gabriel"]
[Black "Cioara, Andrei Nestor"]
[Result "1-0"]
[WhiteElo "2526"]
[BlackElo "2423"]
[PlyCount "85"]
[EventDate "1999.08.20"]

1.d4 Nf6 2.c4 e6 3.Nc3 Bb4 4.Qc2 O-O 5.a3 Bxc3+ 6.Qxc3 b6 7.g3 Bb7 8.Nf3 
d6 9.Bg2 Nbd7 10.O-O c5 11.b4 Qe7 12.Bb2 Rac8 13.Rfd1 Rfd8 14.Rac1 d5 15.
dxc5 bxc5 16.cxd5 cxb4 17.Qxb4 Qxb4 18.axb4 Bxd5 19.Nd4 Nb8 20.b5 Kf8 21.
Rxc8 Rxc8 22.Ra1 Rc7 23.Ba3+ Ke8 24.Bd6 Rd7 25.Bxb8 Bxg2 26.Kxg2 Rxd4 27.
Rxa7 Rb4 28.Bd6 Rxb5 29.Re7+ Kd8 30.Rxf7 Ne8 31.Bf4 Rd5 32.g4 Rd7 33.Rxd7+
Kxd7 34.Be5 Kc6 35.f4 g6 36.Kg3 Kd5 37.Kh4 h6 38.Kg3 Ke4 39.Kf2 h5 40.gxh5
gxh5 41.Kg3 Kf5 42.Kh4 Kg6 43.e4 1-0

[Event "XI Festival A"]
[Site "Porto San Giorgio ITA"]
[Date "1999.08.22"]
[Round "3"]
[White "Lezcano Jaen, Pedro"]
[Black "Mola, Pietro"]
[Result "0-1"]
[WhiteElo "2399"]
[BlackElo "2203"]
[PlyCount "112"]
[EventDate "1999.08.20"]

1.d4 Nf6 2.c4 e6 3.Nc3 Bb4 4.e3 c5 5.Bd3 Nc6 6.Nf3 Bxc3+ 7.bxc3 d6 8.Nd2 
e5 9.Nb3 b6 10.O-O Bd7 11.f3 Qc7 12.Rf2 Ne7 13.e4 Ng6 14.Bf1 h6 15.Be3 Ba4
16.Rd2 Ne7 17.Qc1 O-O-O 18.Qa3 Bc6 19.Rb2 Nd7 20.Rab1 Rde8 21.dxc5 dxc5 
22.Qa6+ Kd8 23.Rd2 Nc8 24.Rbd1 Ke7 25.g3 Rd8 26.Bh3 Nb8 27.Qa3 Rxd2 28.
Rxd2 Rd8 29.Rxd8 Kxd8 30.Nd2 Nd6 31.Bg2 Bd7 32.f4 f6 33.fxe5 fxe5 34.Qb3 
Nc6 35.Qd1 Be6 36.Bf1 Qf7 37.Bd3 Ke8 38.Bf2 Kf8 39.Nf1 Bxc4 40.a3 Kg8 41.
Ne3 Bxd3 42.Qxd3 Qe6 43.Kg2 Kh7 44.a4 Ne7 45.h3 Ng8 46.Nf5 Nxf5 47.exf5 
Qc6+ 48.Kg1 Nf6 49.Qe2 Qe4 50.Qxe4 Nxe4 51.Be1 Nd6 52.g4 h5 53.Kf2 hxg4 
54.hxg4 g6 55.Ke3 gxf5 56.gxf5 Kg7 0-1

[Event "XI Festival A"]
[Site "Porto San Giorgio ITA"]
[Date "1999.08.22"]
[Round "3"]
[White "Lputian, Smbat G."]
[Black "Chatalbashev, Boris"]
[Result "1/2-1/2"]
[WhiteElo "2625"]
[BlackElo "2524"]
[PlyCount "61"]
[EventDate "1999.08.20"]

1.d4 d6 2.Nf3 Bg4 3.Nbd2 Nf6 4.g3 Nbd7 5.Bg2 e5 6.O-O c6 7.b3 Be7 8.dxe5 
dxe5 9.Nc4 e4 10.Ng5 Nc5 11.Ne3 Bd7 12.b4 h6 13.Nxf7 Kxf7 14.bxc5 Bxc5 15.
Rb1 b5 16.c4 b4 17.Bb2 Re8 18.Bxf6 gxf6 19.Nc2 Qe7 20.Bxe4 Qxe4 21.Qxd7+ 
Re7 22.Qh3 Kg7 23.Nxb4 Rb8 24.Nd3 Rxb1 25.Rxb1 Bxf2+ 26.Kxf2 Qxe2+ 27.Kg1 
Qxd3 28.Qg4+ Qg6 29.Qxg6+ Kxg6 30.Kf2 Re5 31.Rb4 1/2-1/2

[Event "XI Festival A"]
[Site "Porto San Giorgio ITA"]
[Date "1999.08.22"]
[Round "3"]
[White "Moroder, Thomas"]
[Black "Neiman, Emmanuel"]
[Result "0-1"]
[WhiteElo "2165"]
[BlackElo "2353"]
[PlyCount "50"]
[EventDate "1999.08.20"]

1.e4 e5 2.Nf3 Nc6 3.Bb5 Bc5 4.O-O d6 5.h3 a6 6.Ba4 Nf6 7.Qe2 O-O 8.c3 Ba7 
9.Rd1 Qe7 10.d3 Bd7 11.Bc2 Rae8 12.Bg5 h6 13.Bh4 Nd8 14.d4 g5 15.dxe5 gxh4
16.exf6 Qxf6 17.Nh2 Kh8 18.Qf3 Qg7 19.Nd2 Rg8 20.Nc4 Ne6 21.Ng4 Ng5 22.Qf6
Nxh3+ 23.Kf1 Bxg4 24.Qxg7+ Rxg7 25.f3 Be6 0-1

[Event "XI Festival A"]
[Site "Porto San Giorgio ITA"]
[Date "1999.08.22"]
[Round "3"]
[White "Naumkin, Igor"]
[Black "Iordachescu, Viorel"]
[Result "1/2-1/2"]
[WhiteElo "2489"]
[BlackElo "2553"]
[PlyCount "77"]
[EventDate "1999.08.20"]

1.d4 Nf6 2.Nf3 g6 3.c4 Bg7 4.Nc3 O-O 5.e4 d6 6.Be2 e5 7.d5 a5 8.Bg5 h6 9.
Bh4 Na6 10.O-O Qe8 11.Nd2 Nh7 12.a3 Bd7 13.b3 Bf6 14.Bxf6 Nxf6 15.Rb1 Qe7 
16.b4 axb4 17.axb4 h5 18.Qc1 Kg7 19.Nd1 c5 20.dxc6 bxc6 21.Ne3 Nc7 22.Qc3 
Ne6 23.Rfc1 Nd4 24.Bf1 Be6 25.b5 Rfb8 26.Nc2 cxb5 27.cxb5 Rc8 28.Qd3 Ra4 
29.Nxd4 Rxd4 30.Qe3 Ng4 31.Qe1 Rxc1 32.Rxc1 d5 33.exd5 Bxd5 34.h3 Nf6 35.
Nc4 Ne4 36.Ne3 Bb7 37.Nc4 Bd5 38.Ne3 Bb7 39.Nc4 1/2-1/2

[Event "XI Festival A"]
[Site "Porto San Giorgio ITA"]
[Date "1999.08.22"]
[Round "3"]
[White "Razuvaev, Yuri S."]
[Black "Lazarev, Vladimir"]
[Result "1/2-1/2"]
[WhiteElo "2559"]
[BlackElo "2501"]
[PlyCount "47"]
[EventDate "1999.08.20"]

1.c4 c5 2.Nf3 Nc6 3.d4 cxd4 4.Nxd4 Nf6 5.Nc3 e6 6.g3 Bc5 7.Nb3 Bb4 8.Bg2 
b6 9.O-O Ba6 10.c5 Rc8 11.Bg5 d5 12.cxd6 Qxd6 13.Qxd6 Bxd6 14.a4 h6 15.Nb5
Bb8 16.Bf4 Bxf4 17.gxf4 Ke7 18.Rfc1 Nd5 19.Bxd5 exd5 20.Rc3 Rhd8 21.Rac1 
Bb7 22.e3 g5 23.fxg5 hxg5 24.N3d4 1/2-1/2

[Event "XI Festival A"]
[Site "Porto San Giorgio ITA"]
[Date "1999.08.22"]
[Round "3"]
[White "Ruggeri, Pietro"]
[Black "Cacco, Christian"]
[Result "0-1"]
[WhiteElo "2126"]
[BlackElo "2292"]
[PlyCount "62"]
[EventDate "1999.08.20"]

1.e4 c5 2.Nf3 Nc6 3.Bb5 g6 4.O-O Bg7 5.Re1 Nf6 6.c3 a6 7.Bf1 O-O 8.h3 e5 
9.d4 d6 10.d5 Ne7 11.a4 a5 12.Na3 Nh5 13.Nc4 h6 14.Qb3 f5 15.exf5 Nxf5 16.
Nb6 Rb8 17.Nxc8 Rxc8 18.Qxb7 Qf6 19.Qa6 Nh4 20.Re3 c4 21.Qa7 Rc5 22.Qd7 e4
23.Rxe4 Nxf3+ 24.gxf3 Qxf3 25.Qe6+ Kh7 26.Be3 Rf6 27.Qg4 Rxd5 28.Bxc4 Rg5 
29.Bxg5 Qxf2+ 30.Kh1 Ng3+ 31.Qxg3 Qxg3 0-1

[Event "XI Festival A"]
[Site "Porto San Giorgio ITA"]
[Date "1999.08.22"]
[Round "3"]
[White "Sbraccia, Giovanni"]
[Black "Bykhovsky, Anatoly A."]
[Result "0-1"]
[WhiteElo "2134"]
[BlackElo "2398"]
[PlyCount "78"]
[EventDate "1999.08.20"]

1.g3 d5 2.Bg2 e5 3.d3 Nf6 4.Nd2 Nc6 5.e4 dxe4 6.dxe4 a5 7.h3 b6 8.Ngf3 Ba6
9.Bf1 Bxf1 10.Rxf1 Bc5 11.Qe2 O-O 12.c3 Qd7 13.Rh1 Rad8 14.Kf1 Qe6 15.b3 
Rd7 16.Bb2 Rfd8 17.Kg2 h6 18.Rae1 Nh5 19.Bc1 Rd3 20.Nd4 Qg6 21.N2f3 Rxc3 
22.Nxc6 Rxc1 23.Nfxe5 Nf4+ 24.Kh2 Nxe2 25.Nxg6 Rxe1 26.Rxe1 Rd2 27.Nge7+ 
Kf8 28.Nf5 Bxf2 29.Rf1 Nc3 30.h4 Nxe4 31.Kg2 g6 32.Nxh6 Bxg3+ 33.Kf3 f5 
34.h5 Rd6 35.hxg6 Rxg6 36.Nxf5 Nd2+ 37.Ke2 Nxf1 38.Kxf1 Rxc6 39.Nxg3 Rc2 
0-1

[Event "XI Festival A"]
[Site "Porto San Giorgio ITA"]
[Date "1999.08.22"]
[Round "3"]
[White "Sedina, Elena"]
[Black "Timoscenko, Gennadij A."]
[Result "1-0"]
[WhiteElo "2398"]
[BlackElo "2536"]
[PlyCount "67"]
[EventDate "1999.08.20"]

1.e4 c6 2.d4 d5 3.Nd2 dxe4 4.Nxe4 Bf5 5.Ng3 Bg6 6.N1e2 Nf6 7.Nf4 Nd5 8.h4 
Nxf4 9.Bxf4 h6 10.h5 Bh7 11.Bd3 Qxd4 12.Be3 Qd8 13.Qg4 Bxd3 14.O-O-O Qd7 
15.Qf4 Qd6 16.Qh4 Qf6 17.Qh3 e6 18.Rxd3 Nd7 19.Ne4 Qf5 20.Qxf5 exf5 21.
Rhd1 O-O-O 22.Ng3 Bc5 23.Nxf5 Bxe3+ 24.Rxe3 Nf6 25.Nd6+ Kc7 26.Nxf7 Rxd1+ 
27.Kxd1 Rf8 28.Re7+ Kb6 29.Ne5 Rd8+ 30.Kc1 Nxh5 31.b4 g5 32.a4 Nf6 33.Nc4+
Ka6 34.Re6 1-0

[Event "XI Festival A"]
[Site "Porto San Giorgio ITA"]
[Date "1999.08.22"]
[Round "3"]
[White "Suppa, Ercole"]
[Black "Bellomo, Francesco"]
[Result "1-0"]
[WhiteElo "2140"]
[BlackElo "2335"]
[PlyCount "64"]
[EventDate "1999.08.20"]

1.d4 Nf6 2.Nf3 g6 3.Bg5 Bg7 4.Nbd2 c5 5.Bxf6 Bxf6 6.Ne4 Bxd4 7.Nxd4 cxd4 
8.Qxd4 O-O 9.Nc3 Nc6 10.Qd2 d6 11.O-O-O Qa5 12.e4 Be6 13.Kb1 Rfc8 14.h4 h5
15.f3 Ne5 16.Be2 Rc7 17.Nd5 Qxd2 18.Rxd2 Bxd5 19.Rxd5 Rac8 20.Rd2 Kg7 21.
b3 Rc3 22.Kb2 a6 23.Re1 R3c5 24.Red1 Nd7 25.a3 Nf8 26.Bc4 R5c7 27.a4 Nd7 
28.a5 Rc5 29.Rd5 Nf6 30.Rxc5 Rxc5 31.Bd5 Nxd5 32.Rxd5 Kf6 1-0

[Event "XI Festival A"]
[Site "Porto San Giorgio ITA"]
[Date "1999.08.22"]
[Round "3"]
[White "Tomescu, Vlad"]
[Black "Faybish, Nimrod"]
[Result "1-0"]
[WhiteElo "2453"]
[BlackElo "2230"]
[PlyCount "67"]
[EventDate "1999.08.20"]

1.e4 c5 2.Nf3 g6 3.c3 Bg7 4.d4 cxd4 5.cxd4 d5 6.exd5 Nf6 7.Bb5+ Nbd7 8.d6 
O-O 9.dxe7 Qxe7+ 10.Be2 b5 11.O-O a6 12.a4 bxa4 13.Nc3 Bb7 14.Nxa4 Rfe8 
15.Nc3 Nb6 16.Bd2 Qd6 17.h3 Nh5 18.Qb3 Bf6 19.Rfe1 Bd8 20.Ng5 Rf8 21.Bxh5 
gxh5 22.Nge4 Qg6 23.d5 Rb8 24.Bf4 Ra8 25.Rad1 a5 26.Nc5 Bc8 27.Re3 h4 28.
d6 Kh8 29.d7 Rg8 30.g4 Ba6 31.Rd6 Qg7 32.Rxb6 Bxb6 33.Qxb6 Bc4 34.Be5 1-0

[Event "XI Festival A"]
[Site "Porto San Giorgio ITA"]
[Date "1999.08.23"]
[Round "4"]
[White "Badea, Bela"]
[Black "Lputian, Smbat G."]
[Result "0-1"]
[WhiteElo "2479"]
[BlackElo "2625"]
[PlyCount "90"]
[EventDate "1999.08.20"]

1.c4 e6 2.Nf3 d5 3.g3 Nf6 4.Bg2 Be7 5.O-O O-O 6.b3 c6 7.d3 Nbd7 8.Bb2 b6 
9.Nbd2 Bb7 10.Qc2 Rc8 11.e4 c5 12.e5 Ne8 13.Rfe1 Nc7 14.Rad1 b5 15.Nf1 a5 
16.h4 a4 17.Bc1 axb3 18.axb3 Na6 19.Bf4 Nb4 20.Qe2 Ra8 21.Ra1 bxc4 22.bxc4
Nb6 23.Ng5 h6 24.Nh3 Qd7 25.Ne3 dxc4 26.Bxb7 Qxb7 27.Nxc4 Rxa1 28.Rxa1 Rd8
29.Rd1 Nxc4 30.dxc4 Rxd1+ 31.Qxd1 Qe4 32.Qb3 Nd3 33.Qc2 Qf3 34.Qd2 Bxh4 
35.gxh4 Qxh3 36.Bg3 Qf5 37.Qe3 h5 38.Kf1 Kh7 39.Ke2 Nb2 40.Kf1 Qd3+ 41.
Qxd3+ Nxd3 42.f4 Kg6 43.Ke2 Nb2 44.Bf2 Kf5 45.Kf3 Nd3 0-1

[Event "XI Festival A"]
[Site "Porto San Giorgio ITA"]
[Date "1999.08.23"]
[Round "4"]
[White "Bellomo, Francesco"]
[Black "Szonyi, Kata"]
[Result "1-0"]
[WhiteElo "2335"]
[BlackElo "2101"]
[PlyCount "49"]
[EventDate "1999.08.20"]

1.Nf3 Nf6 2.g3 d6 3.Bg2 e5 4.d3 g6 5.c4 Bg7 6.Nc3 c6 7.Rb1 Bg4 8.b4 Nbd7 
9.O-O O-O 10.h3 Bxf3 11.Bxf3 Qc7 12.Be3 h6 13.b5 Kh7 14.bxc6 bxc6 15.Qa4 
Rfc8 16.Qa6 Nb8 17.Qb7 Nbd7 18.Qxc7 Rxc7 19.Nb5 cxb5 20.Bxa8 bxc4 21.dxc4 
Rxc4 22.Rfc1 Ra4 23.Rc2 d5 24.Bc6 Ra3 25.Rb7 1-0

[Event "XI Festival A"]
[Site "Porto San Giorgio ITA"]
[Date "1999.08.23"]
[Round "4"]
[White "Bykhovsky, Anatoly A."]
[Black "Razuvaev, Yuri S."]
[Result "1/2-1/2"]
[WhiteElo "2398"]
[BlackElo "2559"]
[PlyCount "52"]
[EventDate "1999.08.20"]

1.e4 c5 2.Nf3 Nc6 3.d4 cxd4 4.Nxd4 Qb6 5.Nb3 Nf6 6.Nc3 e6 7.g3 Bb4 8.Bg2 
d5 9.exd5 Nxd5 10.Bd2 Bxc3 11.bxc3 O-O 12.c4 Nde7 13.O-O e5 14.c5 Qa6 15.
f4 Be6 16.fxe5 Rad8 17.Qe1 Ng6 18.Bc3 Rfe8 19.Qe3 h6 20.Rfe1 Bd5 21.Bxd5 
Rxd5 22.Qf3 Qc4 23.e6 Rxe6 24.Rxe6 fxe6 25.Re1 Rf5 26.Qd3 Qxd3 1/2-1/2

[Event "XI Festival A"]
[Site "Porto San Giorgio ITA"]
[Date "1999.08.23"]
[Round "4"]
[White "Chatalbashev, Boris"]
[Black "Mrdja, Milan"]
[Result "1-0"]
[WhiteElo "2524"]
[BlackElo "2425"]
[PlyCount "45"]
[EventDate "1999.08.20"]

1.d4 Nf6 2.c4 g6 3.Nc3 Bg7 4.e4 d6 5.Bd3 O-O 6.Nge2 c5 7.d5 e6 8.Bg5 exd5 
9.cxd5 Nbd7 10.O-O a6 11.a4 Re8 12.Kh1 h6 13.Bh4 Qc7 14.f4 c4 15.Bc2 Nc5 
16.Ng3 Rb8 17.Bxf6 Bxf6 18.e5 Bh4 19.Qf3 Bd7 20.e6 fxe6 21.Qg4 g5 22.fxg5 
hxg5 23.Nh5 1-0

[Event "XI Festival A"]
[Site "Porto San Giorgio ITA"]
[Date "1999.08.23"]
[Round "4"]
[White "Cioara, Andrei Nestor"]
[Black "Kleibaumhueter, Klaus"]
[Result "1-0"]
[WhiteElo "2423"]
[BlackElo "2223"]
[PlyCount "37"]
[EventDate "1999.08.20"]

1.e4 e6 2.d4 d5 3.Nd2 c5 4.exd5 Qxd5 5.Ngf3 cxd4 6.Bc4 Qd6 7.O-O Nf6 8.Nb3
Nc6 9.Nbxd4 Nxd4 10.Nxd4 Be7 11.b3 a6 12.a4 Qc7 13.Bb2 O-O 14.Nf3 Nd7 15.
Re1 Qf4 16.Ne5 Rd8 17.Nxf7 Kxf7 18.Rxe6 Kf8 19.Qd5 1-0